ক্রুসেড সমগ্র / (Record no. 11915)
[ view plain ]
| 000 -LEADER | |
|---|---|
| fixed length control field | 00660nam a2200217 a 4500 |
| 001 - CONTROL NUMBER | |
| JCCL Control Number | 11915 |
| 003 - CONTROL NUMBER IDENTIFIER | |
| JCCL marc code | BD-JhCC |
| 005 - DATE AND TIME OF LATEST TRANSACTION | |
| control field | 20220727134023.0 |
| 008 - FIXED-LENGTH DATA ELEMENTS--GENERAL INFORMATION | |
| fixed length control field | 201128b20152018bg |||| ||a| 00| 0 ben d |
| 035 ## - SYSTEM CONTROL NUMBER | |
| system control number | (BD-JhCC)11915 |
| 040 ## - CATALOGING SOURCE | |
| Original cataloging agency | BD-JhCC |
| Modifying agency | BD-JhCC |
| 041 ## - LANGUAGE CODE | |
| Language code of Book | ben |
| 082 ## - DEWEY DECIMAL CLASSIFICATION NUMBER | |
| Classification number | 297.09 |
| Author mark and Year | HAF 2018 |
| 100 ## - MAIN ENTRY--PERSONAL NAME | |
| Personal name | হাফিজ, আসাদ বিন |
| 245 ## - TITLE STATEMENT | |
| Title | ক্রুসেড সমগ্র / |
| Statement of responsibility, etc | আসাদ বিন হাফিজ । |
| 260 ## - PUBLICATION, DISTRIBUTION, ETC. (IMPRINT) | |
| Place of publication, distribution, etc | ঢাকা: |
| Name of publisher, distributor, etc | অরণ্য প্রকাশনী; |
| Date of publication, distribution, etc | ২০১৮. |
| 300 ## - PHYSICAL DESCRIPTION | |
| Pagination | 796 p. : |
| Dimensions | 22 cm. |
| 650 ## - SUBJECT ADDED ENTRY--TOPICAL TERM | |
| Topical term or geographic name as entry element | Islamic History |
| Geographic subdivision | Novel |
| 942 ## - ADDED ENTRY ELEMENTS (KOHA) | |
| Source of classification or shelving scheme | Dewey Decimal Classification |
| Koha item type | Books |
| Koha issues (borrowed), all copies | 21 |
| Source of classification or shelving scheme | volume number | Damaged status | Not for loan | Home library | Current library | Shelving location | Date of accession | Source of acquisition | Cost, normal purchase price | Total Checkouts | Full call number | Barcode | Date last seen | Date checked out | Copy number | Koha item type |
|---|---|---|---|---|---|---|---|---|---|---|---|---|---|---|---|---|
| Dewey Decimal Classification | V-1 | JCC Rouf Library | JCC Rouf Library | General Stacks | 11/28/2020 | Lt. Gen. Mahfuzur Rahman (10th intake) | 599.00 | 7 | 297.09 HAF 2018 | 16488 | 06/25/2025 | 06/18/2025 | C-1 | Books | ||
| Dewey Decimal Classification | V-2 | JCC Rouf Library | JCC Rouf Library | General Stacks | 11/28/2020 | Lt. Gen. Mahfuzur Rahman (10th intake) | 600.00 | 7 | 297.09 HAF 2018 | 16489 | 09/23/2024 | 09/09/2024 | C-1 | Books | ||
| Dewey Decimal Classification | V-3 | JCC Rouf Library | JCC Rouf Library | General Stacks | 11/28/2020 | Lt. Gen. Mahfuzur Rahman (10th intake) | 600.00 | 7 | 297.09 HAF 2018 | 16490 | 12/06/2025 | 11/12/2025 | C-1 | Books |